000 00872nac a22002531i 4500
003 EG-ScBUE
005 20250218112620.0
008 250211s2003 ii a f 000 0 eng d
020 _a8121904714
020 _a9788121904711
040 _aEG-ScBUE
_beng
_erda
_cEG-ScBUE
_dEG-ScBUE
082 0 4 _a517.2
_bNAR
_222
100 1 _aNarayan, Shanti,
_eauthor.
245 1 0 _aDifferential calculus /
_cShanti Narayan, Ex. Dean of colleges, University of Delhi, Delhi (Formerly Principal, Hans Raj College, Delhi )
264 1 _aNew Delhi :
_bS. Chand & Company LTD.,
_c2003.
300 _axiv, 378 Pages :
_billustrations ;
_c24 cm
336 _2rdacontent
_atext
_btxt
337 _aunmediated
_2rdamedia
_bn
338 _avolume
_bnc
_2rdacarrier
521 _aFor B.A. & B.Sc. students.
650 7 _aDifferential calculus.
_2BUEsh
655 _vReading book
942 _cBB
_2ddc
999 _c1252
_d1252